|
|
|
|
| LEADER |
00000nab a2200000 a 4500 |
| 001 |
vtls000911309 |
| 003 |
SK-MaSNL |
| 005 |
20260302174213.0 |
| 008 |
040720e20000229xo 0 slo |
| 035 |
|
|
|a KE20228
|
| 040 |
|
|
|a KEVKJB
|b slo
|c KEVKJB
|e AACR2
|
| 041 |
0 |
|
|a slo
|
| 044 |
|
|
|a xo
|c SK
|
| 080 |
|
|
|a 796.422
|2 1981
|
| 100 |
1 |
|
|a Majoroš, Tibor
|4 aut
|9 883537
|
| 245 |
1 |
0 |
|a Blažice predvčerom žili Zimným behom Olšavskou dolinou
|b rekordy odolali, no úrovni to neubralo na výške
|
| 650 |
0 |
7 |
|a beh vytrvalostný
|2 KEVKJB
|9 877699
|
| 650 |
0 |
7 |
|a reportáže
|2 KEVKJB
|9 75670
|
| 651 |
|
7 |
|a Blažice (Slovensko)
|2 KEVKJB
|9 30327
|
| 651 |
|
7 |
|a Košice-okolie (Slovensko : okres)
|2 KEVKJB
|9 146743
|
| 651 |
|
7 |
|a KS,
|2 KEVKJB
|9 880381
|
| 655 |
|
7 |
|a periodikum
|2 snkbucl
|9 29553
|
| 773 |
0 |
8 |
|t Korzár
|g Roč. 3, č.49, 29.2.2000, s. 3
|
| 773 |
0 |
8 |
|i Príl.:
|t Šport
|
| 852 |
|
|
|a ZVYKNI
|b KIS3GCP
|
| 999 |
|
|
|c 1403317
|d 1405247
|